000 00601nam a2200181Ia 4500
008 100917s9999 xx 000 0 und d
082 _b32931
100 _aपॉल ब्रन्टन
245 _aहिमालय नि अेक तपस्वी
260 _bबोरा ऍण्ड कंपनी
_c1976
300 _a79
365 _b14
520 _aअध्यात्म
630 _aहिमालय नि अेक तपस्वी
650 _aअध्यात्म
730 _aहिमालय नि अेक तपस्वी
942 _cBOOK
999 _c638325
_d638322